Political Geography: Japanese Colonial Empire - Statistics

General Stats
  • This quiz has been taken 86 times
  • The average score is 20 of 26
Answer Stats
Colony or Military Occupation Zone Initial
Letter
Present-day Sovereign State % Correct
Formosa (1895-1945) T Taiwan
95%
Chōsen (1910-1945) N North Korea
94%
Chōsen (1910-1945) S South Korea
94%
Karafuto Prefecture (1907-1944) R Russia (southern Sakhalin Island)
86%
Kambojia (1940-1945) C Cambodia
85%
Raosu (1940-1945) L Laos
85%
An'nan (1940-1945) V Vietnam
85%
Shina (1932-1945) C China (Manchuria, Rehe, Kwantung Leased Territory, Jiangsu, Shanghai, Shandong, Hebei, Beijing, Tianjin, plus parts of : Guangdong, Guangxi, Hubei, Hunan, Fujian, Guizhou, Inner Mongolia)
82%
Kiribasu (Dec 1941 - 22 Jan 1944) K Kiribati
80%
Nan'yō guntō / South Seas Mandate (1920-1945) P Palau
79%
Biruma (1942-1945) M Myanmar
77%
Nauru (26 Aug 1942 - 13 Sep 1945) N Nauru
76%
Honkon (12 Dec 1941 - 15 Aug 1945) C China (Hong Kong)
74%
Nan'yō guntō / South Seas Mandate (1920-1945) M Marshall Islands
73%
Higashi indo (18 Jan 1942 - 21 Oct 1945) I Indonesia
71%
Nyūginea (27 Dec 1941 - 15 Sep 1945) P Papua New Guinea
71%
Firipin (8 May 1942 - 5 Jul 1945) P Philippines
71%
Maraya (27 Mar 1942 - 9 Sep 1945) B Brunei
70%
Maraya (27 Mar 1942 - 9 Sep 1945) M Malaysia
70%
Nan'yō guntō / South Seas Mandate (1920-1945) U United States (Northern Mariana Islands)
67%
Ōtori Island (27 Dec 1941 - 4 Sep 1945) U United States (Wake Island)
67%
Higashi indo (18 Jan 1942 - 21 Oct 1945) E East Timor
65%
Nan'yō guntō / South Seas Mandate (1920-1945) F F. S. Micronesia
65%
Shōnan-tō (15 Feb 1942 - 9 Sep 1945) S Singapore
64%
Ōmiya Island (6 Jan 1942 - 24 Oct 1945) U United States (Guam)
64%
Higashi chimōru (19 Feb 1942 - 2 Sep 1945) E East Timor
53%
No matching quizzes found
Score Distribution
Percent of People with Each Score
Percentile by Number Answered
Your Score History
You have not taken this quiz